[Event "43. Olimpiada Batumi 2018 Femenina"]
[Site "Batumi GEO"]
[Date "2018.09.25"]
[Round "2.1"]
[White "Mkrtchian, Lilit"]
[Black "Exler, Veronika"]
[Result "1/2-1/2"]
[WhiteElo "2384"]
[BlackElo "2267"]
[PlyCount "107"]
[EventDate "2018.09.24"]
[EventType "team-swiss"]
[EventRounds "11"]
[EventCountry "GEO"]
[SourceTitle "Ajedrez en Madrid"]
[Source "lmi"]
[SourceDate "2018.09.24"]
[WhiteTeam "Armenia"]
[BlackTeam "Austria"]
[WhiteTeamCountry "ARM"]
[BlackTeamCountry "AUT"]

1. d4 d5 2. c4 e6 3. Nc3 Nf6 4. cxd5 Nxd5 5. e4 Nxc3 6. bxc3 c5 7. Rb1 Be7 8.
Bb5+ Bd7 9. a4 Qc7 10. Ne2 Bxb5 11. Rxb5 cxd4 12. cxd4 Nd7 13. Bf4 Qc4 14. Rxb7
Bb4+ 15. Kf1 e5 16. Qc1 Qxc1+ 17. Nxc1 a5 18. dxe5 Nc5 19. Rb5 O-O 20. Na2 Rfd8
21. Ke2 Nxa4 22. Rc1 Rdc8 23. Rxc8+ Rxc8 24. Kd3 Nc3 25. Nxc3 Rxc3+ 26. Kd4 Rc8
27. Be3 h6 28. Kd3 Rc3+ 29. Ke2 Rc2+ 30. Kd3 Rc3+ 31. Ke2 Rc2+ 32. Kf3 Rc4 33.
Rb8+ Kh7 34. Rb7 Kg8 35. Rb8+ Kh7 36. Rb7 Kg8 37. Ra7 Rc3 38. Ke2 Rc2+ 39. Kd3
Rc3+ 40. Ke2 Rc2+ 41. Kf3 Be1 42. Bd4 Rc6 43. Ke2 Bb4 44. f4 Rc2+ 45. Kf3 Rd2
46. Be3 Rd3 47. Ra8+ Kh7 48. Ke2 Rc3 49. f5 Rc2+ 50. Kf3 Rc3 51. Kf4 Rc2 52.
Kf3 Rc3 53. Kf4 Rc2 54. Kf3 1/2-1/2

[Event "43. Olimpiada Batumi 2018 Femenina"]
[Site "Batumi GEO"]
[Date "2018.09.25"]
[Round "2.2"]
[White "Newrkla, Katharina"]
[Black "Sargsyan, Anna M"]
[Result "0-1"]
[WhiteElo "2204"]
[BlackElo "2331"]
[PlyCount "136"]
[EventDate "2018.09.24"]
[EventType "team-swiss"]
[EventRounds "11"]
[EventCountry "GEO"]
[SourceTitle "Ajedrez en Madrid"]
[Source "lmi"]
[SourceDate "2018.09.24"]
[WhiteTeam "Austria"]
[BlackTeam "Armenia"]
[WhiteTeamCountry "AUT"]
[BlackTeamCountry "ARM"]

1. e4 c6 2. d4 d5 3. e5 Bf5 4. Nf3 e6 5. Be2 Nd7 6. O-O Ne7 7. Nbd2 Ng6 8. Nb3
h5 9. Bd2 Qc7 10. a4 f6 11. exf6 gxf6 12. c4 Nb6 13. Na5 Rg8 14. c5 Nd7 15. Ne1
e5 16. b4 h4 17. Ra3 b6 18. cxb6 axb6 19. Nb3 Bd6 20. Kh1 e4 21. h3 Ndf8 22. a5
Qd7 23. Bg4 Be6 24. Bxe6 Nxe6 25. Qg4 Qf7 26. Qh5 Ng7 27. Qd1 Nf5 28. Qc1 Qb7
29. axb6 Kf7 30. Rxa8 Rxa8 31. Na5 Qxb6 32. Qxc6 Qxc6 33. Nxc6 Ra2 34. Be3 Bf4
35. Kg1 Bxe3 36. fxe3 Ng3 37. Nd8+ Ke8 38. Rxf6 Re2 39. Nf3 exf3 40. gxf3 Kxd8
41. Rxg6 Rxe3 42. Rd6+ Ke7 43. Rxd5 Rxf3 44. Kg2 Rb3 45. b5 Ke6 46. Re5+ Kf6
47. Re8 Nf5 48. Rb8 Nxd4 49. b6 Rb2+ 50. Kf1 Nf5 51. Rf8+ Ke5 52. Rb8 Kf4 53.
b7 Rb3 54. Kf2 Rf3+ 55. Ke2 Re3+ 56. Kf2 Re7 57. Kg2 Rf7 58. Kh2 Rg7 59. Kh1
Kg3 60. Kg1 Kxh3+ 61. Kf2 Nd6 62. Rd8 Nxb7 63. Rd5 Kh2 64. Rd3 Nc5 65. Rd4 h3
66. Rd1 Rf7+ 67. Ke3 Kg2 68. Rd2+ Kg3 0-1

[Event "43. Olimpiada Batumi 2018 Femenina"]
[Site "Batumi GEO"]
[Date "2018.09.25"]
[Round "2.3"]
[White "Kursova, Maria"]
[Black "Froewis, Annika"]
[Result "1-0"]
[WhiteElo "2289"]
[BlackElo "2113"]
[PlyCount "87"]
[EventDate "2018.09.24"]
[EventType "team-swiss"]
[EventRounds "11"]
[EventCountry "GEO"]
[SourceTitle "Ajedrez en Madrid"]
[Source "lmi"]
[SourceDate "2018.09.24"]
[WhiteTeam "Armenia"]
[BlackTeam "Austria"]
[WhiteTeamCountry "ARM"]
[BlackTeamCountry "AUT"]

1. d4 d5 2. Nf3 Nf6 3. c4 e6 4. Bg5 c6 5. e3 h6 6. Bxf6 Qxf6 7. Nbd2 Nd7 8. Qb3
g6 9. Bd3 Bg7 10. O-O Qd8 11. Rfd1 f5 12. Qc2 O-O 13. b4 Kh8 14. Rab1 Qe7 15.
Bf1 g5 16. b5 g4 17. Ne1 f4 18. exf4 Bxd4 19. Nd3 e5 20. Nb3 dxc4 21. Qxc4 cxb5
22. Qxb5 a6 23. Qc4 Ba7 24. Re1 Nb6 25. Qc3 Nd5 26. Qb2 Nxf4 27. Nxe5 Qf6 28.
Kh1 Be6 29. Rbc1 Rae8 30. Nc5 Re7 31. Nxe6 Rxe6 32. Bc4 Rb6 33. Qc2 Qg7 34.
Rcd1 Qh7 35. Qxh7+ Kxh7 36. Nd7 Rc8 37. Re7+ Kg6 38. Bf7+ Kg7 39. Be6+ Kg6 40.
Nxb6 Rc6 41. Bxg4 Bxb6 42. g3 Kf6 43. Rxb7 Ng6 44. Bd7 1-0

[Event "43. Olimpiada Batumi 2018 Femenina"]
[Site "Batumi GEO"]
[Date "2018.09.25"]
[Round "2.4"]
[White "Trippold, Denise"]
[Black "Ghukasyan, Siranush"]
[Result "1/2-1/2"]
[WhiteElo "2146"]
[BlackElo "2205"]
[PlyCount "96"]
[EventDate "2018.09.24"]
[EventType "team-swiss"]
[EventRounds "11"]
[EventCountry "GEO"]
[SourceTitle "Ajedrez en Madrid"]
[Source "lmi"]
[SourceDate "2018.09.24"]
[WhiteTeam "Austria"]
[BlackTeam "Armenia"]
[WhiteTeamCountry "AUT"]
[BlackTeamCountry "ARM"]

1. d4 d5 2. c4 c6 3. Nf3 Nf6 4. e3 Bg4 5. h3 Bxf3 6. Qxf3 e6 7. Bd3 Nbd7 8. Nc3
Bb4 9. O-O O-O 10. Rd1 Re8 11. cxd5 exd5 12. Bd2 Qe7 13. Rac1 Bd6 14. Qe2 Ne4
15. Be1 f5 16. Qc2 g6 17. Rb1 Ndf6 18. Ne2 Rac8 19. Rdc1 Bb8 20. Qa4 Qd6 21. g3
Qd7 22. Kg2 g5 23. f3 Nd6 24. Bf2 g4 25. hxg4 fxg4 26. f4 Nde4 27. Qd1 Qe7 28.
Bg1 Qf7 29. Nc3 Qh5 30. Nxe4 Nxe4 31. Bxe4 Rxe4 32. Rc3 Rce8 33. Bf2 Qf5 34. b4
a6 35. a4 R8e6 36. Qh1 Rxd4 37. Rcb3 Rd2 38. Qh4 Kf7 39. Qd8 Qe4+ 40. Kg1 Rh6
41. Qd7+ Kf8 42. Qc8+ Ke7 43. Qxb7+ Kd8 44. Qxb8+ Kd7 45. Qb7+ Kd8 46. Qb8+ Kd7
47. Qb7+ Kd8 48. Qb8+ Kd7 1/2-1/2

[Event "43. Olimpiada Batumi 2018 Femenina"]
[Site "Batumi GEO"]
[Date "2018.09.25"]
[Round "2.1"]
[White "Georgescu, Lena"]
[Black "Zimina, Olga"]
[Result "1-0"]
[WhiteElo "2195"]
[BlackElo "2421"]
[PlyCount "79"]
[EventDate "2018.09.24"]
[EventType "team-swiss"]
[EventRounds "11"]
[EventCountry "GEO"]
[SourceTitle "Ajedrez en Madrid"]
[Source "lmi"]
[SourceDate "2018.09.24"]
[WhiteTeam "Switzerland"]
[BlackTeam "Italy"]
[WhiteTeamCountry "SUI"]
[BlackTeamCountry "ITA"]

1. e4 c6 2. d4 d5 3. exd5 cxd5 4. Bd3 Nc6 5. c3 Qc7 6. h3 Nf6 7. Ne2 g6 8. Bf4
Qb6 9. Qb3 Bg7 10. Nd2 O-O 11. O-O Bf5 12. Bxf5 gxf5 13. Qc2 e6 14. Nf3 Rfc8
15. Rad1 Qa6 16. Nc1 Ne4 17. Qb1 b5 18. Nd3 Qb6 19. Nfe5 a5 20. a3 Ra7 21. Rfe1
Nxe5 22. Bxe5 Bxe5 23. dxe5 d4 24. cxd4 Qxd4 25. Kh2 Rac7 26. f3 Rc2 27. fxe4
fxe4 28. Nf4 Qxe5 29. Rf1 Rxb2 30. Qa1 Rcc2 31. Kh1 Qg5 32. Rc1 e5 33. Rxc2
Rxc2 34. Qb1 Rd2 35. Qxb5 Rd6 36. Qe8+ Kg7 37. Ne6+ fxe6 38. Qf8+ Kg6 39. Qf7+
Kh6 40. Rf6+ 1-0

[Event "43. Olimpiada Batumi 2018 Femenina"]
[Site "Batumi GEO"]
[Date "2018.09.25"]
[Round "2.2"]
[White "Sedina, Elena"]
[Black "Heinatz, Gundula"]
[Result "1-0"]
[WhiteElo "2267"]
[BlackElo "2170"]
[PlyCount "83"]
[EventDate "2018.09.24"]
[EventType "team-swiss"]
[EventRounds "11"]
[EventCountry "GEO"]
[SourceTitle "Ajedrez en Madrid"]
[Source "lmi"]
[SourceDate "2018.09.24"]
[WhiteTeam "Italy"]
[BlackTeam "Switzerland"]
[WhiteTeamCountry "ITA"]
[BlackTeamCountry "SUI"]

1. e4 c5 2. Nf3 Nc6 3. Bb5 g6 4. O-O Bg7 5. Nc3 Nd4 6. Nxd4 cxd4 7. Ne2 Qb6 8.
Bc4 e6 9. c3 dxc3 10. bxc3 Ne7 11. Ba3 d6 12. d4 O-O 13. Bd3 Qc7 14. f4 Rd8 15.
e5 d5 16. Qe1 a6 17. g4 Re8 18. Qh4 Qd8 19. Rab1 b5 20. Bc5 Rb8 21. Qg3 Rb7 22.
Kh1 Nc6 23. f5 exf5 24. gxf5 Nxe5 25. dxe5 Bxe5 26. Qg2 g5 27. Bd4 f6 28. Nf4
Kh8 29. Nh5 Rf7 30. Rbe1 Bb7 31. Re2 b4 32. Rfe1 Ref8 33. Kg1 bxc3 34. Rxe5
fxe5 35. Rxe5 Kg8 36. f6 Kh8 37. Rxg5 Qe8 38. Rg7 Qe1+ 39. Qf1 Qxf1+ 40. Kxf1
Rxg7 41. Nxg7 Bc8 42. Ne6 1-0

[Event "43. Olimpiada Batumi 2018 Femenina"]
[Site "Batumi GEO"]
[Date "2018.09.25"]
[Round "2.3"]
[White "De Seroux, Camille"]
[Black "Di Benedetto, Desiree"]
[Result "0-1"]
[WhiteElo "2175"]
[BlackElo "2321"]
[PlyCount "116"]
[EventDate "2018.09.24"]
[EventType "team-swiss"]
[EventRounds "11"]
[EventCountry "GEO"]
[SourceTitle "Ajedrez en Madrid"]
[Source "lmi"]
[SourceDate "2018.09.24"]
[WhiteTeam "Switzerland"]
[BlackTeam "Italy"]
[WhiteTeamCountry "SUI"]
[BlackTeamCountry "ITA"]

1. e4 e6 2. d4 d5 3. Nd2 Be7 4. Ngf3 Nf6 5. e5 Nfd7 6. c3 c5 7. Bd3 Nc6 8. O-O
g5 9. dxc5 Ndxe5 10. Bb5 Ng6 11. c4 a6 12. Bxc6+ bxc6 13. cxd5 cxd5 14. b4 e5
15. Bb2 f6 16. Re1 g4 17. Nxe5 fxe5 18. Bxe5 O-O 19. Nb3 Nxe5 20. Rxe5 Bf6 21.
Rxd5 Qe8 22. Rc1 Be6 23. Rd3 Qf7 24. Qd2 Bf5 25. Rd5 Bh4 26. Re5 Bg6 27. g3
Rad8 28. Qe2 Bf6 29. Re6 h5 30. Re1 Bf5 31. Re3 Bg6 32. Re6 Bd3 33. Qe3 Bf5 34.
Rxa6 Rfe8 35. Qc1 Rxe1+ 36. Qxe1 Re8 37. Qd2 Qe7 38. h4 Qe1+ 39. Kh2 Qxd2 40.
Nxd2 Bc3 41. Nc4 Re2 42. Ra8+ Kg7 43. Nd6 Be6 44. Ra7+ Kg6 45. Nb5 Bxb4 46. Rc7
Rxf2+ 47. Kg1 Rxa2 48. Rc6 Kf7 49. Nd6+ Kf6 50. Ne8+ Ke5 51. Ng7 Bd5 52. Rc8
Rg2+ 53. Kf1 Rc2 54. Re8+ Kf6 55. Nxh5+ Kf7 56. Re5 Bg2+ 57. Kg1 Bxc5+ 58. Rxc5
Rxc5 0-1

[Event "43. Olimpiada Batumi 2018 Femenina"]
[Site "Batumi GEO"]
[Date "2018.09.25"]
[Round "2.4"]
[White "Movileanu, Daniela"]
[Black "Stoeri, Laura"]
[Result "1-0"]
[WhiteElo "2168"]
[BlackElo "2118"]
[PlyCount "119"]
[EventDate "2018.09.24"]
[EventType "team-swiss"]
[EventRounds "11"]
[EventCountry "GEO"]
[SourceTitle "Ajedrez en Madrid"]
[Source "lmi"]
[SourceDate "2018.09.24"]
[WhiteTeam "Italy"]
[BlackTeam "Switzerland"]
[WhiteTeamCountry "ITA"]
[BlackTeamCountry "SUI"]

1. e4 e5 2. Nf3 Nc6 3. d4 exd4 4. Bc4 Nf6 5. e5 d5 6. Bb5 Ne4 7. Nxd4 Bd7 8.
Bxc6 bxc6 9. O-O Bc5 10. Be3 O-O 11. f3 Ng5 12. f4 Ne4 13. Nd2 Nxd2 14. Qxd2
Qe7 15. Rae1 Rfe8 16. Bf2 Bxd4 17. Qxd4 Bf5 18. Qc3 Qd7 19. Bd4 Re6 20. Rf2 Rg6
21. Re3 Rd8 22. Rg3 Qe6 23. Rxg6 Qxg6 24. Bxa7 Ra8 25. Qc5 h5 26. c3 Qg4 27.
Qd4 Be4 28. a3 h4 29. h3 Qf5 30. Bc5 Re8 31. Qd1 Re6 32. Qg4 Qh7 33. Qg5 Re8
34. f5 Bd3 35. Rf4 Bc2 36. f6 Qg6 37. Qxg6 Bxg6 38. Be7 Rb8 39. Rb4 Rxb4 40.
axb4 Bd3 41. fxg7 Kxg7 42. Bxh4 Kg6 43. g4 Ba6 44. Kf2 Kg7 45. Be7 Bc4 46. h4
Kg6 47. Bd8 Kg7 48. Be7 Kg6 49. Ke3 Bb3 50. Bd8 Bd1 51. Kf4 Bc2 52. Bxc7 Bd3
53. Ke3 Be4 54. Bd8 Bc2 55. Kd4 Bd1 56. Kc5 Ba4 57. b3 Bb5 58. c4 dxc4 59. bxc4
Ba4 60. b5 1-0

[Event "43. Olimpiada Batumi 2018 Femenina"]
[Site "Batumi GEO"]
[Date "2018.09.25"]
[Round "2.1"]
[White "Narva, Mai"]
[Black "Repkova, Eva"]
[Result "1/2-1/2"]
[WhiteElo "2320"]
[BlackElo "2288"]
[PlyCount "107"]
[EventDate "2018.09.24"]
[EventType "team-swiss"]
[EventRounds "11"]
[EventCountry "GEO"]
[SourceTitle "Ajedrez en Madrid"]
[Source "lmi"]
[SourceDate "2018.09.24"]
[WhiteTeam "Estonia"]
[BlackTeam "Slovakia"]
[WhiteTeamCountry "EST"]
[BlackTeamCountry "SVK"]

1. e4 c5 2. Nf3 d6 3. Bb5+ Bd7 4. Bxd7+ Qxd7 5. c4 Nf6 6. Nc3 g6 7. d4 cxd4 8.
Nxd4 Bg7 9. f3 O-O 10. Be3 Rc8 11. b3 Nc6 12. O-O Ne8 13. Nde2 Nc7 14. Qd2 Ne5
15. h3 b5 16. f4 b4 17. Nd5 Nc6 18. Rac1 Qe6 19. Nxc7 Rxc7 20. Qd5 Rd8 21. c5
Qc8 22. cxd6 Rxd6 23. Qb5 Bb2 24. Rc4 Qd8 25. Kh2 e5 26. f5 f6 27. Rc2 Bd4 28.
Qc4+ Rf7 29. fxg6 hxg6 30. Nxd4 Nxd4 31. Rd2 Qb8 32. Rfd1 Kg7 33. Kh1 Rc7 34.
Qf1 Rcd7 35. Qf2 Qd8 36. Qh4 g5 37. Qg4 a5 38. h4 Qh8 39. g3 Kf7 40. h5 Qh6 41.
Kg2 Ke7 42. Rf2 Nc2 43. Rxc2 Rxd1 44. Rc6 Kf8 45. Qe6 Kg7 46. Rc8 Rf7 47. Qe8
Qh7 48. Kf2 Kh6 49. g4 Re7 50. Qc6 Qg7 51. Bc5 Red7 52. Bf8 R7d2+ 53. Ke3 Rd3+
54. Ke2 1/2-1/2

[Event "43. Olimpiada Batumi 2018 Femenina"]
[Site "Batumi GEO"]
[Date "2018.09.25"]
[Round "2.2"]
[White "Stockova, Zuzana"]
[Black "Olde, Margareth"]
[Result "1-0"]
[WhiteElo "2290"]
[BlackElo "2158"]
[PlyCount "103"]
[EventDate "2018.09.24"]
[EventType "team-swiss"]
[EventRounds "11"]
[EventCountry "GEO"]
[SourceTitle "Ajedrez en Madrid"]
[Source "lmi"]
[SourceDate "2018.09.24"]
[WhiteTeam "Slovakia"]
[BlackTeam "Estonia"]
[WhiteTeamCountry "SVK"]
[BlackTeamCountry "EST"]

1. e4 d6 2. d4 Nf6 3. Nc3 e5 4. Nf3 Nbd7 5. Bc4 Be7 6. O-O O-O 7. Re1 a6 8. a4
b6 9. Ba2 Bb7 10. h3 c6 11. dxe5 dxe5 12. Nh4 g6 13. Bh6 Re8 14. Qf3 Bf8 15.
Bg5 Bg7 16. Rad1 Bc8 17. Rd6 Qc7 18. Red1 Bf8 19. Rxf6 Nxf6 20. Bxf6 Be6 21.
Nf5 Bxa2 22. Nxa2 Re6 23. Ne3 Be7 24. Bxe7 Qxe7 25. Qe2 Rd6 26. Rxd6 Qxd6 27.
Nc4 Qc7 28. Nb4 b5 29. Ne3 Qd6 30. Nd3 h5 31. g4 hxg4 32. Qxg4 Qf6 33. Qg3 Re8
34. Ng4 Qe6 35. Ndxe5 Kg7 36. Qf4 Rh8 37. Kg2 f6 38. Nf3 g5 39. Qe3 Kf8 40. Qd4
Ke7 41. Nxg5 fxg5 42. Qxh8 Qxe4+ 43. Kg1 Qxc2 44. Qe5+ Kd7 45. Nf6+ Kc8 46. a5
Qd2 47. Qe8+ Kc7 48. Qe7+ Kc8 49. Ne4 Qe1+ 50. Kg2 Kb8 51. Qd8+ Ka7 52. Qc7+
1-0

[Event "43. Olimpiada Batumi 2018 Femenina"]
[Site "Batumi GEO"]
[Date "2018.09.25"]
[Round "2.3"]
[White "Tsiganova, Monika"]
[Black "Cibickova, Zuzana"]
[Result "1/2-1/2"]
[WhiteElo "2102"]
[BlackElo "2268"]
[PlyCount "82"]
[EventDate "2018.09.24"]
[EventType "team-swiss"]
[EventRounds "11"]
[EventCountry "GEO"]
[SourceTitle "Ajedrez en Madrid"]
[Source "lmi"]
[SourceDate "2018.09.24"]
[WhiteTeam "Estonia"]
[BlackTeam "Slovakia"]
[WhiteTeamCountry "EST"]
[BlackTeamCountry "SVK"]

1. d4 d5 2. c4 c6 3. cxd5 cxd5 4. Nc3 Nf6 5. Bf4 Nc6 6. e3 Bf5 7. Nf3 e6 8. Bd3
Bxd3 9. Qxd3 Be7 10. h3 O-O 11. O-O Rc8 12. Rfc1 Nd7 13. a3 a6 14. b4 Nb6 15.
Nd2 a5 16. b5 Na7 17. e4 Qd7 18. exd5 Nxd5 19. Nxd5 Qxd5 20. a4 Bb4 21. Nf3 f6
22. Bd2 Bxd2 23. Qxd2 b6 24. Rxc8 Rxc8 25. Rc1 Qd7 26. Rc3 Rxc3 27. Qxc3 Nc8
28. Ne1 Ne7 29. Nc2 Nd5 30. Qc4 Qc7 31. Ne3 Qxc4 32. Nxc4 Kf7 33. Kf1 Ke7 34.
g3 Kd7 35. Ke1 Kc7 36. Kd2 Nb4 37. f4 f5 38. Kc3 Nd5+ 39. Kd3 Nb4+ 40. Kc3 Nd5+
41. Kd3 Nb4+ 1/2-1/2

[Event "43. Olimpiada Batumi 2018 Femenina"]
[Site "Batumi GEO"]
[Date "2018.09.25"]
[Round "2.4"]
[White "Motycakova, Monika"]
[Black "Narva, Triin"]
[Result "1-0"]
[WhiteElo "2198"]
[BlackElo "2113"]
[PlyCount "73"]
[EventDate "2018.09.24"]
[EventType "team-swiss"]
[EventRounds "11"]
[EventCountry "GEO"]
[SourceTitle "Ajedrez en Madrid"]
[Source "lmi"]
[SourceDate "2018.09.24"]
[WhiteTeam "Slovakia"]
[BlackTeam "Estonia"]
[WhiteTeamCountry "SVK"]
[BlackTeamCountry "EST"]

1. e4 c5 2. Nf3 g6 3. d4 cxd4 4. Nxd4 Bg7 5. c4 Nc6 6. Be3 Nf6 7. Nc3 O-O 8.
Be2 d6 9. O-O Bd7 10. Rc1 Nxd4 11. Bxd4 Bc6 12. f3 a5 13. b3 Nd7 14. Be3 Nc5
15. Qd2 e6 16. Rfd1 Be5 17. Bg5 f6 18. Be3 Qe7 19. Nb5 Bxb5 20. cxb5 f5 21.
exf5 gxf5 22. Rc4 Rfd8 23. f4 Bg7 24. Bf3 Rac8 25. Qxa5 d5 26. Rcc1 Ne4 27. Bb6
Re8 28. Bxe4 fxe4 29. Qd2 Qd6 30. Be3 Rxc1 31. Qxc1 d4 32. Qc4 Rd8 33. f5 d3
34. fxe6 Re8 35. Qxe4 Rxe6 36. Qxd3 Qxd3 37. Rxd3 1-0

[Event "43. Olimpiada Batumi 2018 Femenina"]
[Site "Batumi GEO"]
[Date "2018.09.25"]
[Round "2.1"]
[White "Richards, Heather S"]
[Black "Rogule, Laura"]
[Result "1-0"]
[WhiteElo "2259"]
[BlackElo "2268"]
[PlyCount "109"]
[EventDate "2018.09.24"]
[EventType "team-swiss"]
[EventRounds "11"]
[EventCountry "GEO"]
[SourceTitle "Ajedrez en Madrid"]
[Source "lmi"]
[SourceDate "2018.09.24"]
[WhiteTeam "Australia"]
[BlackTeam "Latvia"]
[WhiteTeamCountry "AUS"]
[BlackTeamCountry "LAT"]

1. e4 c5 2. c3 Nf6 3. e5 Nd5 4. d4 cxd4 5. Nf3 e6 6. cxd4 d6 7. a3 Bd7 8. Bd3
Bc6 9. O-O Nd7 10. Re1 Be7 11. b4 a6 12. Nbd2 dxe5 13. dxe5 a5 14. b5 Nc5 15.
bxc6 Nxd3 16. cxb7 Rb8 17. Qa4+ Qd7 18. Qxd7+ Kxd7 19. Rf1 Rxb7 20. Ne4 a4 21.
Bg5 Rhb8 22. Rfd1 Nb2 23. Rd4 Rb3 24. Bxe7 Kxe7 25. Nc5 R3b5 26. Ne4 Rb3 27.
Nfd2 R3b6 28. g3 Rc6 29. Rb1 Rbb6 30. Kg2 Rc2 31. Nd6 Rbc6 32. N6e4 f6 33.
exf6+ gxf6 34. h4 h6 35. g4 Nf4+ 36. Kf3 e5 37. Rb4 Nbd3 38. Rxa4 Ke6 39. Rb8
Ne1+ 40. Kg3 Ne2+ 41. Kh3 Nd3 42. Ra7 Nxf2+ 43. Nxf2 Nf4+ 44. Kh2 R6c3 45. Rb6+
Kd5 46. Rd7+ Kc5 47. Rxf6 Rf3 48. Rc7+ Kd5 49. Rxc2 Rxf2+ 50. Kh1 Re2 51. Rcc6
Kd4 52. Rfd6+ Ke3 53. Rc3+ Kf2 54. Rf3+ Ke1 55. Rf1# 1-0

[Event "43. Olimpiada Batumi 2018 Femenina"]
[Site "Batumi GEO"]
[Date "2018.09.25"]
[Round "2.2"]
[White "Berzina, Ilze"]
[Black "Ryjanova, Julia"]
[Result "1/2-1/2"]
[WhiteElo "2218"]
[BlackElo "2330"]
[PlyCount "102"]
[EventDate "2018.09.24"]
[EventType "team-swiss"]
[EventRounds "11"]
[EventCountry "GEO"]
[SourceTitle "Ajedrez en Madrid"]
[Source "lmi"]
[SourceDate "2018.09.24"]
[WhiteTeam "Latvia"]
[BlackTeam "Australia"]
[WhiteTeamCountry "LAT"]
[BlackTeamCountry "AUS"]

1. e4 c5 2. Nf3 Nc6 3. Bb5 e6 4. O-O Nge7 5. Re1 a6 6. Bf1 d5 7. exd5 Nxd5 8.
d4 Nf6 9. Be3 Be7 10. dxc5 Qxd1 11. Rxd1 Ng4 12. Bf4 Bxc5 13. Bg3 h5 14. h3 h4
15. Nxh4 Nxf2 16. Bxf2 Bxf2+ 17. Kxf2 Rxh4 18. g4 Bd7 19. Nc3 O-O-O 20. Ne4 Ne5
21. Nc5 Bc6 22. Rxd8+ Kxd8 23. Re1 Nd7 24. Nd3 a5 25. Ne5 Nxe5 26. Rxe5 b6 27.
Kg3 Rh8 28. Bd3 Ke7 29. a3 f6 30. Re1 e5 31. b4 axb4 32. axb4 Ra8 33. h4 Ra3
34. Kf2 Ra4 35. c3 Ra3 36. Rc1 Bd7 37. Kf3 Ra2 38. Rc2 Ra1 39. Be4 Rf1+ 40. Kg3
Re1 41. Bf3 Ra1 42. Kf2 Ba4 43. Rd2 Rc1 44. Rd3 Bb5 45. Re3 Kd6 46. Bg2 Bc4 47.
Kg3 Ke6 48. Kf2 Rc2+ 49. Kg3 Rd2 50. Be4 Kd6 51. g5 Ke6 1/2-1/2

[Event "43. Olimpiada Batumi 2018 Femenina"]
[Site "Batumi GEO"]
[Date "2018.09.25"]
[Round "2.3"]
[White "Zhang, Jilin"]
[Black "Otikova, Elina"]
[Result "1/2-1/2"]
[WhiteElo "2224"]
[BlackElo "2123"]
[PlyCount "80"]
[EventDate "2018.09.24"]
[EventType "team-swiss"]
[EventRounds "11"]
[EventCountry "GEO"]
[SourceTitle "Ajedrez en Madrid"]
[Source "lmi"]
[SourceDate "2018.09.24"]
[WhiteTeam "Australia"]
[BlackTeam "Latvia"]
[WhiteTeamCountry "AUS"]
[BlackTeamCountry "LAT"]

1. e4 e5 2. Nf3 Nc6 3. d4 exd4 4. Nxd4 Nf6 5. Nxc6 bxc6 6. e5 Qe7 7. Qe2 Nd5 8.
c4 Ba6 9. Nd2 Nb4 10. Nf3 c5 11. g3 Qe6 12. b3 Qg6 13. Nh4 Qc2 14. Bb2 Bb7 15.
f3 Be7 16. Rd1 Bxh4 17. gxh4 Qf5 18. Bg2 O-O 19. O-O Rfe8 20. Qf2 Rab8 21. Ba1
Nc2 22. Bc3 d6 23. Rd2 Nb4 24. exd6 cxd6 25. Qg3 f6 26. Rxd6 Kh8 27. Bh3 Qc2
28. Rd7 Qg6 29. Qxg6 hxg6 30. Rd2 Re3 31. Bxb4 cxb4 32. Bg2 a5 33. f4 a4 34.
bxa4 Ra3 35. c5 Bxg2 36. Kxg2 Rc3 37. f5 gxf5 38. Rxf5 Ra8 39. c6 Rxc6 40. a5
Rca6 1/2-1/2

[Event "43. Olimpiada Batumi 2018 Femenina"]
[Site "Batumi GEO"]
[Date "2018.09.25"]
[Round "2.4"]
[White "Krumina, Linda"]
[Black "Nguyen, Thu Giang"]
[Result "1-0"]
[WhiteElo "2081"]
[BlackElo "2134"]
[PlyCount "71"]
[EventDate "2018.09.24"]
[EventType "team-swiss"]
[EventRounds "11"]
[EventCountry "GEO"]
[SourceTitle "Ajedrez en Madrid"]
[Source "lmi"]
[SourceDate "2018.09.24"]
[WhiteTeam "Latvia"]
[BlackTeam "Australia"]
[WhiteTeamCountry "LAT"]
[BlackTeamCountry "AUS"]

1. d4 e6 2. c4 f5 3. Nc3 Nf6 4. Bg5 Bb4 5. e3 b6 6. Bd3 Bb7 7. f3 O-O 8. Nge2
Qe8 9. O-O Be7 10. Bf4 d6 11. Qd2 Nbd7 12. Nb5 Qd8 13. Bg3 Nh5 14. Nf4 Nxf4 15.
exf4 Bf6 16. Bf2 g6 17. Rfe1 e5 18. c5 bxc5 19. dxe5 dxe5 20. Bc4+ Kh8 21. Rad1
Bc6 22. Qa5 Qc8 23. Be6 a6 24. Nc3 Re8 25. fxe5 Rxe6 26. exf6 Rxf6 27. Re7 Rd6
28. Rde1 Qb7 29. Bxc5 Rd2 30. Be3 Rd3 31. Bh6 Qb6+ 32. Qxb6 Nxb6 33. Rxc7 Rd6
34. Ree7 Nd5 35. Rxh7+ Kg8 36. Rcg7+ 1-0

[Event "43. Olimpiada Batumi 2018 Femenina"]
[Site "Batumi GEO"]
[Date "2018.09.25"]
[Round "2.1"]
[White "Frayna, Janelle Mae"]
[Black "Unuk, Laura"]
[Result "1-0"]
[WhiteElo "2287"]
[BlackElo "2299"]
[PlyCount "113"]
[EventDate "2018.09.24"]
[EventType "team-swiss"]
[EventRounds "11"]
[EventCountry "GEO"]
[SourceTitle "Ajedrez en Madrid"]
[Source "lmi"]
[SourceDate "2018.09.24"]
[WhiteTeam "Philippines"]
[BlackTeam "Slovenia"]
[WhiteTeamCountry "PHI"]
[BlackTeamCountry "SLO"]

1. Nf3 Nf6 2. c4 e6 3. g3 d5 4. Bg2 Be7 5. O-O O-O 6. d4 dxc4 7. Qc2 a6 8. a4
Bd7 9. Ne5 Bc6 10. Nxc6 Nxc6 11. e3 Na5 12. Nd2 c6 13. Nxc4 Nxc4 14. Qxc4 a5
15. b3 Nd5 16. Bb2 Qd7 17. Rac1 Rab8 18. e4 Nb4 19. Qe2 Rfd8 20. Rfd1 Bf6 21.
Bc3 Qc7 22. Bxb4 axb4 23. e5 Be7 24. Be4 Qb6 25. Qe3 Rd7 26. Rd2 Qd8 27. Rcd1
Qf8 28. h4 g6 29. Kg2 Bd8 30. h5 Bb6 31. Rd3 Rbd8 32. hxg6 hxg6 33. g4 f5 34.
exf6 Qxf6 35. Qh6 Rxd4 36. Rxd4 Rxd4 37. Rxd4 Bxd4 38. Qxg6+ Qxg6 39. Bxg6 Kg7
40. Bd3 e5 41. g5 Kf7 42. Kg3 Bb6 43. f4 exf4+ 44. Kxf4 Bc7+ 45. Kf5 b5 46. g6+
Ke7 47. Kg5 Be5 48. a5 Kd6 49. a6 Kc7 50. Kf5 Bh8 51. Ke6 Kb6 52. Kd7 Bc3 53.
a7 Kxa7 54. Kxc6 Kb8 55. Kd7 Kb7 56. Bxb5 Kb6 57. Bc4 1-0

[Event "43. Olimpiada Batumi 2018 Femenina"]
[Site "Batumi GEO"]
[Date "2018.09.25"]
[Round "2.2"]
[White "Janzelj, Lara"]
[Black "Secopito, Catherine"]
[Result "1/2-1/2"]
[WhiteElo "2254"]
[BlackElo "2157"]
[PlyCount "63"]
[EventDate "2018.09.24"]
[EventType "team-swiss"]
[EventRounds "11"]
[EventCountry "GEO"]
[SourceTitle "Ajedrez en Madrid"]
[Source "lmi"]
[SourceDate "2018.09.24"]
[WhiteTeam "Slovenia"]
[BlackTeam "Philippines"]
[WhiteTeamCountry "SLO"]
[BlackTeamCountry "PHI"]

1. d4 Nf6 2. c4 e6 3. Nf3 b6 4. a3 Ba6 5. Qc2 Bb7 6. Nc3 c5 7. dxc5 bxc5 8. Bg5
Be7 9. e4 d6 10. Rd1 Qb6 11. Be2 O-O 12. O-O Nbd7 13. Bd3 h6 14. Bh4 a6 15. Qe2
Rfe8 16. Bb1 Nf8 17. e5 Bxf3 18. Qxf3 dxe5 19. Ne4 Nxe4 20. Bxe7 Rxe7 21. Qxe4
Rb8 22. Qxe5 Rd7 23. Rde1 Qxb2 24. Qxc5 Rd2 25. h3 Nd7 26. Qc7 Qxa3 27. Rd1
Rbb2 28. Qd8+ Qf8 29. Qa5 Qd6 30. Qd8+ Qf8 31. Qa5 Qd6 32. Qd8+ 1/2-1/2